Burgos CF Squad 2025-2026 - Statistics

General Stats
  • This quiz has been taken 20 times
    5 since last reset
  • The average score is 21 of 27
Answer Stats
# Position Nation Player % Correct
2 DF Spain Álex Lizancos
100%
13 GK Spain Ander Cantero
100%
16 FW Spain Curro Sánchez
100%
14 MF Spain David González
100%
9 FW Spain Fer Niño
100%
12 DF France Florian Miguel
100%
8 DF Spain Grego Sierra
100%
10 MF Martinique Kévin Appin
100%
- Coach Spain Luis Miguel Ramis
100%
17 MF Spain Mario Cantero
100%
20 FW Spain Mario González
100%
5 MF Spain Miguel Atienza
100%
6 MF Spain Sergio González
100%
23 MF Spain Iván Morante
80%
1 GK Spain Jesús Ruiz
80%
3 DF Spain Oier Luengo
80%
15 DF Spain Aitor Buñuel
60%
19 FW Spain Iván Chapela
60%
7 FW Colombia Mateo Mejía
60%
4 MF Chile Pablo Galdames
60%
11 FW Spain Víctor Mollejo
60%
18 DF Spain Aitor Córdoba
40%
22 DF Spain Brais Martínez
40%
30 MF Paraguay Hugo Cuenca
40%
21 FW Spain Iñigo Córdoba
40%
33 MF Spain Marcelo Expósito
40%
28 MF Spain Saúl del Cerro
40%
No matching quizzes found
Score Distribution
Percent of People with Each Score
Percentile by Number Answered
Your Score History
You have not taken this quiz since the last reset